15 największych miast Austrii i Węgier - Statystyki

Ogólne statystyki
  • Ten quiz został rozwiązany 123 razy
  • Średni wynik to 8 z 15
Statystyki odpowiedzi
Ludność Miasto % Poprawnych
1 685 342 Budapeszt
100%
1 982 097 Wiedeń
100%
298 479 Graz
88%
155 619 Salzburg
83%
210 118 Linz
81%
131 358 Innsbruck
79%
199 858 Debreczyn
66%
127 599 Győr
48%
139 330 Pecz
41%
147 533 Miszkolc
40%
158 797 Segedyn
37%
95 045 Székesfehérvár
22%
104 332 Klagenfurt am Wörthersee
14%
116 282 Nyíregyháza
14%
108 120 Kecskemét
8%
Nie znaleziono quizów pasujących do podanych kryteriów
Rozkład punktacji
Procent ludzi z każdym wynikiem
Percentyl według liczby udzielonych odpowiedzi
Twoja historia wyników
Nie rozwiązałeś tego quizu